Dix plus grands pays du monde - Statistiques

Statistiques générales
  • Ce quiz a été pris 181 fois
  • Le résultat moyen est 9 sur 10
Statistiques - réponses
Hint Réponse % Correct
Europe/Asie Russie
100%
Asie Chine
99%
Amérique du Nord Etats-Unis
99%
Amérique du Nord Canada
98%
Océanie Australie
97%
Amérique du Sud Brésil
97%
Asie Inde
95%
Amérique du Sud Argentine
94%
Afrique Algérie
88%
Asie Kazakhstan
81%
Aucun quiz correspondant
Distribution des résultats
% des personnes avec chaque résultat
Percentile par nombre de réponses
Votre historique - résultats
Vous n’avez pas pris ce quiz